[Event "Moscow Aeroflot op-A1"]
[Site "Moscow"]
[Date "2008.02.18"]
[Round "5"]
[White "Sutovsky, Emil"]
[Black "Mamedov, Rauf"]
[Result "1/2-1/2"]
[WhiteElo "2642"]
[BlackElo "2583"]
[Annotator "Ftacnik,L"]
[PlyCount "58"]
[EventDate "2008.02.14"]
[EventType "swiss"]
[EventRounds "9"]
[EventCountry "RUS"]
[SourceTitle "CBM 123"]
[Source "ChessBase"]
[SourceDate "2008.04.02"]
[SourceVersion "1"]
[SourceVersionDate "2008.04.02"]
[SourceQuality "1"]

1. e4 c5 2. Nf3 Nc6 3. Nc3 g6 4. d4 cxd4 5. Nxd4 Bg7 6. Be3 Nf6 7. Bc4 O-O 8.
Bb3 d6 9. f3 Bd7 10. Qd2 Nxd4 11. Bxd4 b5 12. h4 a5 13. h5 a4 {The war on the
board started long ago in the home laboratory with the help of silicon friends.
Black is under a lot of strain on the kingside, but he does his best to keep
the pace and trouble White on the other side of the board.} (13... e5 14. hxg6
$1 (14. Be3 a4 15. Bd5 b4 $11) (14. h6 $2 Bh8 15. Be3 a4 16. Bd5 b4 17. Ne2
Nxd5 18. exd5 Rb8 $17 {Panelo Munoz,M-Scarella,E (2255)/San Rafael 1992}) 14...
exd4 (14... hxg6 $2 15. Be3 a4 16. Bh6 Nh5 17. Bd5 Rc8 18. g4 b4 19. Ne2 $18)
15. Bxf7+ Kh8 (15... Rxf7 16. gxf7+ Kxf7 17. Ne2 $5 Qb6 18. O-O-O $36 {Lopez
Martinez,J-Felgaer,R/Andorra 2004/}) 16. Qxd4 h6 17. Qe3 (17. O-O-O b4 18. Nd5
(18. Qe3 $5 Ng8 19. Nd5 Be8 20. g4 Bxf7 21. gxf7 Rxf7 22. g5) 18... Be8 19.
Bxe8 Ng8 20. Qb6 {Karjakin,S (2645)-Tiviakov,S (2678) /Gothenburg 2005/} Qxe8
21. Nc7 Qe5 22. Nxa8 Qxb2+ 23. Kd2 Rxa8 24. Qc6 $14) 17... Ng8 18. g4 Be8 (
18... b4 19. Nd5 $16) 19. g5 Bxf7 20. gxh6 Bxg6 21. hxg7+ Kxg7 22. Nd5 $16) 14.
Bxf6 exf6 15. Bd5 b4 {Mamedov knows all too well, that any quiet move offers
Sutovsky the chance to advance his chances on the kingside.} (15... Rc8 16.
hxg6 hxg6 17. O-O-O (17. Rh6 f5 (17... a3 18. Rxg6 Kh7 19. Rxg7+ Kxg7 $15))
17... Qb6 18. Ne2 $14) 16. Ne2 (16. hxg6 bxc3 17. Bxf7+ Rxf7 18. gxf7+ Kxf7 19.
Qxc3 f5 20. Rxh7 Qg8 $13) 16... f5 (16... Rc8 17. hxg6 hxg6 18. g4 Qc7 19. Nd4
a3 20. O-O-O axb2+ 21. Kb1 Rfe8 22. Bb3 Qa5 (22... Qc3 $1 23. Qf4 Re5 $13) 23.
Nf5 $1 gxf5 24. gxf5 d5 25. Rdg1 {1-0 Ivanov,A (2666)-Kelleher,W (2419)/
Marlboro 2002}) 17. hxg6 hxg6 18. Bxa8 {Sutovsky is usually very well prepared
and it is hardly feasible to enter such sharp waters without really good study.
} (18. Qxb4 a3 (18... Ra6 19. Qd2 a3 20. b3 $1 fxe4 (20... Bxa1 $2 21. Qh6 $18)
21. fxe4 Bc6 22. c3 Re8 23. O-O-O Bxd5 24. exd5 $14 {0-1 Todorovic,G (2459)
-Ristic,N (2480)/Budva 2003 (41)}) (18... Qb8 19. a3 Qxb4+ 20. axb4 Bxb2 21.
Rb1 a3 22. Bxa8 Rxa8 23. Kd2 Be5 24. c3 (24. Nc3 $2 a2 25. Ra1 Ra3 $15) 24...
fxe4 25. fxe4 $14) 19. c3 (19. Bxa8 Qxa8 20. Rb1 (20. c3 $5 axb2 21. Qxb2 fxe4
22. O-O Qa7+ 23. Nd4 Rc8) 20... axb2 21. Rxb2 fxe4 22. fxe4 Bg4 23. Rh4 (23. c3
$5 $14) 23... Qc8 $44 {0-1 Gonzalez Pruneda,A-Mate Adan,C (2262)/Cala Mendia
2001 (32)}) 19... axb2 20. Qxb2 Rc8 21. Qd2 (21. O-O Bh6 $5 22. f4 fxe4 23.
Bxe4 Re8 24. Bf3 Qa5 $44) 21... fxe4 (21... Qa5 22. Rh6 $5 $132) 22. fxe4 Bc6
23. Rd1 Bxd5 24. Qxd5 Be5 $44 25. Qd2 (25. Rh3 Qg5 $44) 25... Re8 26. Qh6 Qb6 {
1/2 Stellwagen,D (2600)-Tiviakov,S (2663)/Hilversum 2007/ (30)}) (18. exf5 Bxf5
19. g4 Be6 20. Bxa8 Qxa8 21. Kf2 Rc8 22. a3 Bxb2 23. axb4 Qa7+ 24. Kg2 Bc4 25.
Ng3 a3 26. c3 Bxc3 27. Qxd6 a2 $15 {1/2 Moreno Carnero,J (2512)-Korneev,O 
(2561)/Port Erin 2003 (31)}) 18... Qxa8 19. Qxd6 Bb5 20. Nf4 {Black's pieces
are extremely active, but he plays without the sacrificed material and
objectively still fighting for equality.} (20. Nd4 a3 $5 (20... Rd8 21. Qxb4
Bxd4 22. Qxb5 a3 (22... fxe4 23. O-O-O Rb8 24. Qxb8+ Qxb8 25. Rxd4 $14) 23. c3
Rb8 24. Qd3 axb2 25. Rb1 Be5 26. exf5 (26. O-O Qa7+ 27. Kh1 fxe4 28. fxe4 Qxa2
$44) 26... Rd8 27. Qc2 Qxa2 28. O-O (28. fxg6 Bg3+ 29. Kf1 Qc4+) 28... Qa7+ 29.
Qf2 (29. Kh1 Qe3 $132) 29... Qxf2+ 30. Rxf2 Bxc3 31. fxg6 fxg6 $14) 21. Qxb4 (
21. Qh2 $6 Rc8 $11) 21... axb2 22. Rb1 Ba6 23. Rxb2 fxe4 24. Kf2 exf3 25. gxf3
$14) 20... Rd8 21. Qb6 {[%mdl 4] The first truly independent move in a
theoretical drama. Tempting 21.Qxb4 is probably equal with the help of the
unusual move repetition.} (21. Qe7 $2 fxe4 22. Kf2 Qc8 (22... Qb8 $17) 23. Qg5
Ba6 24. Kg3 Re8 25. Rad1 e3 $1 26. Rhe1 Qc7 27. Kh3 e2 28. Rd2 Bxb2 {0-1
Cheparinov,I (2625)-Leon Hoyos,M (2428)/Cuernavaca 2006/ (38)}) (21. Qxb4 Qb8 (
21... Ba6 $2 22. Nd5 $18) 22. Ne2 (22. exf5 $2 Rd4 23. Qc5 Rxf4 24. O-O-O $15)
22... Bf8 23. Qc3 (23. Qa5 $2 Bxe2 24. Kxe2 Bb4 25. Qxa4 Rd2+ 26. Kf1 Kg7 27.
Qa6 Qg3 $19) 23... Bg7 24. Qb4 (24. Qa5 a3 $1 25. Qxa3 Bxe2 26. Kxe2 Bxb2 27.
Qa5 Bxa1 28. Rxa1 fxe4 29. fxe4 Rc8 $11) 24... Bf8) 21... fxe4 $1 (21... Rb8
22. Qc5 fxe4 23. Nd5 Bxb2 24. Rb1 $18) 22. Qxb5 exf3 23. Rd1 {Sutovsky is
chosing a safe line and forgoes the exciting ideas after the short castling.} (
23. O-O Bd4+ 24. Kh2 fxg2 25. Rfe1 (25. Nxg2 Rd5 26. Qe2 Rh5+ 27. Kg3 Rg5+ 28.
Kh2 $11) 25... a3 (25... Kg7 $2 26. Re7 $1 $18) 26. bxa3 (26. Nxg2 axb2 27.
Rab1 Kg7 $17) 26... Kg7 27. Qe2 Bxa1 28. Rxa1 Rh8+ 29. Kg3 Rh1 30. Qe5+ f6 31.
Qd4 $11) 23... Qe4+ 24. Ne2 (24. Kf2 $2 Rxd1 25. Rxd1 Qxc2+ 26. Kg3 Qxd1 27.
Qe8+ Bf8 28. Nxg6 fxg6 29. Qxg6+ Kh8 30. Qh5+ Kg7 31. Qg4+ Kf7 $17) 24... Rxd1+
25. Kxd1 fxe2+ 26. Qxe2 Qd4+ 27. Qd2 Qxb2 {Mamedov has a great position while
Sutovsky can claim to be relying on being the exchange ahead.} 28. Qd8+ Bf8 29.
Qh4 (29. Rh4 Qa1+ 30. Kd2 Qc3+ $11) 29... Bg7 1/2-1/2

[Event "Interzonal-16"]
[Site "Biel"]
[Date "1993.??.??"]
[Round "4"]
[White "Malisauskas, Vidmantas"]
[Black "Georgiev, Kiril"]
[Result "0-1"]
[WhiteElo "2540"]
[BlackElo "2660"]
[Annotator "Georgiev,Ki"]
[PlyCount "58"]
[EventDate "1993.07.16"]
[EventType "swiss"]
[EventRounds "13"]
[EventCountry "SUI"]
[SourceTitle "CBM 037"]
[Source "ChessBase"]
[SourceDate "1993.12.01"]
[SourceVersion "1"]
[SourceVersionDate "1993.12.01"]
[SourceQuality "1"]

1. e4 {Boensch} c5 2. Nf3 d6 3. d4 cxd4 4. Nxd4 Nf6 5. Nc3 g6 6. Be3 Bg7 7. f3
Nc6 8. Qd2 O-O 9. Bc4 Bd7 10. Bb3 Rc8 11. h4 h5 (11... Ne5 {Boensch} 12. h5
Nxh5 13. g4 Nf6 14. Bh6 Bxh6 15. Qxh6 Rxc3 16. bxc3 Qc7 17. Qe3 Rc8 18. Kd2
Nc4+ $14 {Young,R-Olesen,M New York MCC (11) 1993 1/2 53}) (11... Na5 {Boensch}
12. h5 Nc4 13. Bxc4 Rxc4 14. hxg6 fxg6 15. O-O-O Qc7 16. Nde2 Rc8 17. Kb1 Be6
18. Nf4 Qd7 $15 {Matulovic,M-Velimirovic,D Novi Sad 1976 0-1 41}) (11... Qa5 {
Boensch (Hauptvariante)}) 12. Nd5 (12. O-O-O {Boensch} Ne5 {-B78}) 12... Nxd5
13. exd5 Nxd4 14. Bxd4 Bxd4 15. Qxd4 a5 {/\ 16...a4, b5<=>} (15... Qa5+ 16. c3
Qc5 $14) 16. c3 b5 17. g4 (17. a3 $5) (17. O-O {Boensch} a4 $17) 17... a4 18.
Bc2 a3 $1 {xc3} (18... Rc4 19. Qe3 hxg4 20. h5 $40) 19. b4 $6 (19. b3 Qc7 20.
Kd2 hxg4 21. h5 Qc5 $1 $15) (19. gxh5 axb2 20. Rb1 Rc4 (20... Qc7 {Boensch} 21.
Kd2 Qc5 $17) 21. Qe3 Qa5 $17) 19... hxg4 20. Bd3 (20. h5 Qc7 21. hxg6 (21. Kd2
Qc4 22. hxg6 Qxd4+ 23. cxd4 fxg6 $17) 21... Qxc3+ 22. Qxc3 Rxc3 $17) (20. fxg4
{Boensch} Rc4 $19) 20... f5 $1 21. fxg4 fxg4 $1 22. h5 $6 (22. Kd2 $142) (22.
O-O-O) 22... e5 $1 $8 23. dxe6 Bxe6 24. hxg6 (24. O-O-O Qg5+ $17) 24... Qf6 25.
Qxf6 Rxf6 $19 {xc3, a2, g6} 26. Kd2 Rf2+ 27. Ke3 Rcf8 28. Rh7 (28. Rhf1 R8f3+
29. Kd4 Rxd3+ 30. Kxd3 Bc4+ $19) (28. Raf1 {Boensch} R8f3+ 29. Kd4 Rxd3+ 30.
Kxd3 Bc4+ $19) (28. Bxb5 {Boensch} R8f3+ 29. Kd4 Rd2+ 30. Ke4 Bf5#) 28... R8f3+
29. Kd4 Rd2 0-1

[Event "Ciocaltea Memorial"]
[Site "Bucharest"]
[Date "1995.??.??"]
[Round "4"]
[White "Nisipeanu, Liviu Dieter"]
[Black "Moldovan, Daniel"]
[Result "1-0"]
[WhiteElo "2420"]
[BlackElo "2420"]
[Annotator "Hecht,H"]
[PlyCount "95"]
[EventDate "1995.02.??"]
[EventType "tourn"]
[EventRounds "11"]
[EventCountry "ROU"]
[EventCategory "10"]
[SourceTitle "CBM 048"]
[Source "ChessBase"]
[SourceDate "1995.10.01"]
[SourceVersion "1"]
[SourceVersionDate "1995.10.01"]
[SourceQuality "1"]

1. e4 {King} c5 2. Nf3 Nc6 3. d4 cxd4 4. Nxd4 g6 5. Nc3 Bg7 6. Be3 Nf6 7. Bc4
O-O 8. Bb3 d6 9. f3 Bd7 10. Qd2 Nxd4 11. Bxd4 b5 12. O-O-O a5 13. e5 dxe5 14.
Bxe5 Bc6 15. Qxd8 Rfxd8 16. a4 bxa4 17. Bxa4 Bxa4 18. Nxa4 Nd5 19. Bxg7 Kxg7
20. Rxd5 Rxd5 21. Nb6 Rad8 22. Nxd5 Rxd5 23. c4 Re5 24. Kd2 Kf6 25. Rd1 Ke6 26.
Kc3 {King Black's K is prevented from reaching the cP, and the win is
relatively trivial for White.} Re2 27. c5 Re3+ 28. Kc4 Re2 29. b3 Rxg2 30. Kb5
Rxh2 31. Kxa5 Rc2 32. Kb6 h5 33. c6 g5 34. c7 g4 35. fxg4 hxg4 36. Rd4 Rxc7 37.
Kxc7 f5 38. b4 g3 39. Rd8 Kf7 40. Rd1 f4 41. Rg1 e5 42. b5 e4 43. b6 f3 44. b7
f2 45. Rf1 e3 46. b8=Q {Q+R - 3 verbundene Freibauern schwarzer K weit von
seinen P entfernt Eroberung aler P nach R-Opfer} g2 47. Rxf2+ (47. Qb1 gxf1=Q
48. Qxf1 Ke6 49. Qd3 $18) 47... exf2 48. Qb3+ (48. Qb3+ Ke7 49. Qe3+ $18) 1-0

[Event "Hoogovens"]
[Site "Wijk aan Zee"]
[Date "1996.01.26"]
[Round "11"]
[White "Topalov, Veselin"]
[Black "Tiviakov, Sergei"]
[Result "1/2-1/2"]
[WhiteElo "2700"]
[BlackElo "2625"]
[Annotator "Johnson,M"]
[PlyCount "142"]
[EventDate "1996.01.13"]
[EventType "tourn"]
[EventRounds "13"]
[EventCountry "NED"]
[EventCategory "17"]
[SourceTitle "CBM 051"]
[Source "ChessBase"]
[SourceDate "1996.04.01"]
[SourceVersion "1"]
[SourceVersionDate "1996.04.01"]
[SourceQuality "1"]

1. e4 {Hecht} c5 2. Nf3 Nc6 3. d4 cxd4 4. Nxd4 g6 5. Nc3 Bg7 6. Be3 Nf6 7. Bc4
O-O 8. Bb3 d6 9. f3 Bd7 10. Qd2 Nxd4 11. Bxd4 b5 12. h4 a5 13. a4 (13. Nd5 a4
14. Nxf6+ Bxf6 15. Bxf6 axb3 16. Bc3 Rxa2 17. O-O b4 $1 18. Bd4 (18. Bxb4 Qb6+
19. Kh1 Rxb2 20. Qc3 Rxc2 21. Qxb3 Rfc8 $17) 18... Qa5 19. Rxa2 bxa2 20. b3 Rc8
21. Ba1 Qc5+ 22. Rf2 Be6 23. g4 Bxb3 24. cxb3 Qc1+ 25. Qxc1 Rxc1+ 26. Rf1 Rb1
$19 {Engel,K-Stern,W/Corr Eu ch 1978 0-1(40)}) 13... bxa4 14. Nxa4 e5 15. Bb6 (
15. Be3 Be6 16. Nb6 Rb8 17. Nc4 d5 18. Nxa5 d4 19. Bg5 Bxb3 20. Nxb3 Qb6 21.
Qd3 Nh5 22. g4 Nf4 23. Bxf4 exf4 24. h5 Rfc8 25. hxg6 hxg6 26. Rh2 Rc6 27. Re2
Qd8 28. O-O-O Qb6 29. Kb1 Be5 30. Rh2 Qb4 31. Qf1 Qa4 32. Qh3 Ra8 33. Rd3 Rca6
34. Qh7+ Kf8 35. Qh6+ Bg7 36. Qh8+ Bxh8 37. Rxh8+ Kg7 {0-1 Beliavsky,A-Miles,A/
Teesside 1973}) 15... Qb8 16. Be3 Be6 17. Ra3 Qb4 18. Nb6 Rab8 19. Qxb4 axb4
20. Ra5 Bxb3 21. cxb3 Rfd8 22. Ke2 Nh5 23. Rc1 f5 24. Rc7 fxe4 25. fxe4 Nf4+
26. Kd2 Ne6 (26... Nxg2 27. Raa7 Bh8 28. Nd5 Nxe3 (28... Ra8 29. Ne7+ Kf8 30.
Bh6+ Ke8 31. Nc6 Rxa7 32. Rxa7 $18) 29. Kxe3 Ra8 30. Rxh7 Rxa7 31. Rxa7 $16)
27. Re7 Re8 28. Nd5 Rxe7 29. Nxe7+ Kf8 (29... Kf7 $2 30. Ra7 Kf8 31. Nc6 Rb5
32. Kd3 d5 33. exd5 Rxd5+ 34. Kc4 $18) 30. Nd5 (30. Ra7 Nf4 31. Bxf4 exf4 32.
Nd5 Kg8 $1 33. Nxf4 Bxb2 34. Rd7 Be5 35. Nd3 Bg3 $10) 30... Rb7 31. Ra6 Rd7 32.
Rb6 Nf4 33. Bxf4 (33. Nxf4 exf4 34. Bxf4 Bxb2 35. Rxb4 d5 36. exd5 Rxd5+ 37.
Ke2 $14) 33... exf4 {Hecht: Thema: TS mit b-Freibauer vs TL} 34. Nxf4 Bh6 35.
Ke3 d5 36. exd5 Rxd5 37. Rxb4 Rd1 38. g4 Kg8 (38... Rb1 39. g5 Bg7 40. Ne6+ Kg8
41. Nxg7 Kxg7 42. Kd4 Rxb2 43. Kc3 Rf2 44. Re4 $18) 39. Rb8+ Kf7 40. Rb7+ Kg8
41. g5 Bg7 42. b4 Bxb2 43. Nd3 Bc3 44. b5 Rh1 45. Nf4 Rxh4 46. Nd5 Bd4+ 47. Kd3
Kf8 48. Nf6 h6 49. Rh7 Be5 (49... Bxf6 50. gxf6 Rb4 $10) 50. b6 Rb4 51. Nd7+
Kg8 52. Re7 (52. Rxh6 Rd4+ 53. Ke3 Rxd7 54. Rxg6+ Kf7 55. Rc6 Rd6 $10) 52...
Bg7 53. gxh6 Bxh6 54. Nf6+ Kf8 55. Re4 Rb1 (55... Rxe4 $4 56. Kxe4 $18) 56. Nd5
Bg5 57. Nb4 Be7 58. b7 Bd6 59. Kc2 Ra1 60. Nc6 Ra6 61. Nd8 (61. b8=Q+ Bxb8 62.
Nxb8 Rd6 $10) 61... Ra5 (61... Rb6 $4 62. Re6 {/\ 63.Rxd6 +-}) 62. Re6 Bh2 63.
Kc3 Rb5 $10 64. Kc4 Rb2 65. Re1 Bc7 66. Ne6+ Kf7 67. Nxc7 Rxb7 68. Ne8 Rd7 69.
Kc5 Rd2 70. Nd6+ Kg7 71. Kc6 g5 1/2-1/2